[Event "Voronezh op-B 20th"]
[Site "Voronezh"]
[Date "2016.06.18"]
[Round "6"]
[White "Rtischev, Maksim"]
[Black "Ragimli, Deniz"]
[Result "0-1"]
[WhiteElo "1191"]
[BlackElo "1687"]
[PlyCount "88"]
[EventDate "2016.06.12"]
[EventType "swiss"]
[EventRounds "9"]
[EventCountry "RUS"]
[SourceTitle "EXT 2017"]
[Source "ChessBase"]
[SourceDate "2016.10.25"]
[SourceVersion "1"]
[SourceVersionDate "2016.10.25"]
[SourceQuality "1"]

1. d4 c5 2. e4 cxd4 3. Bc4 Nc6 4. Nf3 e5 5. c3 dxc3 6. Qd5 Qe7 7. Nxc3 Nf6 8. Qd1 h6 9. a3 a6 10. Be3 b5 11. Nd5 Nxd5 12. Bxd5 Bb7 13. Rc1 Rc8 14. Qc2 Nd8 15. Qd2 Rxc1+ 16. Qxc1 Bxd5 17. exd5 Qd6 18. Qc3 e4 19. Qe5+ Qxe5 20. Nxe5 Bd6 21. Bd4 f6 22. Ng6 Rg8 23. 0-0 Kf7 24. Nh4 Nb7 25. Re1 Rc8 26. Bc3 Nc5 27. g3 g6 28. Bb4 Nd3 29. Rxe4 Bxb4 30. axb4 Rc4 31. Rxc4 bxc4 32. Nf3 Nxb2 33. Nd4 Nd3 34. b5 axb5 35. Nxb5 Nb4 36. Nd6+ Ke7 37. Nxc4 Nxd5 38. Kf1 Ke6 39. f4 Kf5 40. Nd6+ Ke6 41. Nc4 Ne7 42. g4 Nd5 43. g5 h5 44. gxf6 Nxf6 0-1

[Event "Voronezh op-B 20th"]
[Site "Voronezh"]
[Date "2016.06.13"]
[Round "2"]
[White "Shestakova, Ekaterina"]
[Black "Rtischev, Maksim"]
[Result "1-0"]
[WhiteElo "1740"]
[BlackElo "1191"]
[PlyCount "79"]
[EventDate "2016.06.12"]
[EventType "swiss"]
[EventRounds "9"]
[EventCountry "RUS"]
[SourceTitle "EXT 2017"]
[Source "ChessBase"]
[SourceDate "2016.10.25"]
[SourceVersion "1"]
[SourceVersionDate "2016.10.25"]
[SourceQuality "1"]

1. e4 c5 2. c3 Nc6 3. d4 cxd4 4. cxd4 d6 5. Nc3 Nf6 6. Nf3 Bg4 7. Bb5 a6 8. Be2 e5 9. d5 Bxf3 10. Bxf3 Nd4 11. 0-0 Be7 12. Be3 Nxf3+ 13. Qxf3 0-0 14. Qe2 Qd7 15. f3 Rac8 16. Rac1 Nh5 17. Qd2 Rfd8 18. Rc2 b5 19. a3 h6 20. Rfc1 Nf4 21. Na2 Rxc2 22. Rxc2 Rc8 23. Nb4 Rxc2 24. Qxc2 a5 25. Nc6 Ng6 26. Nxa5 Bd8 27. Nc6 Qc8 28. Qb3 Qd7 29. Qxb5 Kf8 30. Qb8 Ke8 31. Bb6 Nf4 32. Qxd8+ Qxd8 33. Bxd8 Nd3 34. b4 Nb2 35. b5 Nc4 36. b6 Nxa3 37. b7 Nb5 38. b8Q Nc7 39. Bxc7+ Kd7 40. Qd8# 1-0